000 00369nam a2200157Ia 4500
008 230917s9999||||xx |||||||||||||| ||und||
040 _e80689
_aMAIN
041 _aEnglish
082 _a368.22 I1C
100 _aIvamy, E R Hardy
245 0 _aMarine insurance
250 _a3rd ed.
260 _aLondon
_bButterworths
_c1979
300 _aliv, 588 p.
942 _cBK
999 _c202771
_d202771